Το καθεστώς των νησιών στο Διεθνές Δίκαιο της θάλασσας : διπλωματική εργασία
Αποθηκεύτηκε σε:
| Κύριος συγγραφέας: | |
|---|---|
| Συγγραφή απο Οργανισμό/Αρχή: | |
| Άλλοι συγγραφείς: | , |
| Μορφή: | Thesis Βιβλίο |
| Γλώσσα: | Greek |
| Δημοσίευση: |
2006
|
| Θέματα: | |
| Διαθέσιμο Online: | http://hdl.handle.net/11610/13023 |
| Ετικέτες: |
Προσθήκη ετικέτας
Δεν υπάρχουν, Καταχωρήστε ετικέτα πρώτοι!
|
MARC
| LEADER | 00000cam a2200000 i 4500 | ||
|---|---|---|---|
| 001 | 1/38096 | ||
| 008 | 061124s2006 gre d | ||
| 035 | |l 10086264 | ||
| 040 | |a GR-MY-UA |b gre |e aacr | ||
| 041 | 0 | |a gre | |
| 082 | 0 | |a 341.448 |2 (22) | |
| 100 | 1 | |a Τσούρος, Ισίδωρος. | |
| 245 | 1 | 3 | |a Το καθεστώς των νησιών στο Διεθνές Δίκαιο της θάλασσας : |b διπλωματική εργασία / |c Ισίδωρος Τσούρος ; επιβλέπων Πέτρος Σιούσιουρας, διευθυντής σπουδών Βασίλειος Τουντόπουλος |
| 260 | |c 2006 | ||
| 300 | |a 84 σ.; |b χάρτες; |c 30 εκ. | ||
| 502 | |a Διατριβή (μεταπτυχιακή) – Πανεπιστήμιο Αιγαίου, Χίος, 2006. | ||
| 504 | |a Περιλαμβάνει βιβλιογραφία | ||
| 610 | 2 | 0 | |a Πανεπιστήμιο Αιγαίου. |
| 650 | 0 | 0 | |a Territorial waters. |
| 650 | 0 | 0 | |a Continental shelf |z Aegean sea. |
| 650 | 0 | 0 | |a Law of the sea. |
| 650 | 0 | 0 | |a Dissertations, Academic |z Greece. |
| 700 | 1 | |a Τουντόπουλος, Βασίλειος. |4 ths | |
| 700 | 1 | |4 ths |a Σιούσιουρας, Πέτρος Π. | |
| 710 | 1 | |a Πανεπιστήμιο Αιγαίου |b Σχολή Επιστημών της Διοίκησης |b Τμήμα Ναυτιλίας και Επιχειρηματικών Υπηρεσιών |b Πρόγραμμα Μεταπτυχιακών Σπουδών "Ναυτιλία, Μεταφορές και Διεθνές Εμπόριο - ΝΑ.Μ.Ε.". | |
| 852 | |a INST |b CHIOS |c DIATR |e 20061124 |h 341.448 ΤΣΟ |p 005200026623 |q 005200026623 |t MTXE |y 23 | ||
| 852 | |a INST |b CHIOS |c DIATR |e 20061124 |h 341.448 ΤΣΟ |p 005200026624 |q 005200026624 |t MTXE |y 23 | ||
| 856 | |u http://hdl.handle.net/11610/13023 | ||
| 901 | |a BIBL2-2006-3 | ||
| 909 | |a Χ |b 130675 | ||
| 909 | |a Χ |b 130676 | ||
| 924 | |a ΤΣΟΥΡΟΣ |b ΙΣΙΔΩΡΟΣ |y ΧΙΟΣ |z 2006-11 | ||
| 970 | |a ΒΑΣΙΛΑΚΗ |b ΝΙΚΗ |z 2006/11/24 | ||